logo

Bir Sreshtho Munshi Abdur Rouf Library
Jhenaidah Cadet College

ইসলাম ও অর্থনৈতিক চ্যালেঞ্জ / (Record no. 12330)

MARC details
000 -LEADER
fixed length control field 01091nam a2200253 a 4500
001 - CONTROL NUMBER
JCCL Control Number 12330
003 - CONTROL NUMBER IDENTIFIER
JCCL marc code BD-JhCC
005 - DATE AND TIME OF LATEST TRANSACTION
control field 20211026130750.0
008 - FIXED-LENGTH DATA ELEMENTS--GENERAL INFORMATION
fixed length control field 210608s2021 bg |||| |||| 000 0 ben d
020 ## - INTERNATIONAL STANDARD BOOK NUMBER
International Standard Book Number 9789843506085
035 ## - SYSTEM CONTROL NUMBER
system control number (BD-JhCC)12330
040 ## - CATALOGING SOURCE
Original cataloging agency BD-JhCC
Modifying agency BD-JhCC
041 ## - LANGUAGE CODE
Language code of Book Bengali
082 ## - DEWEY DECIMAL CLASSIFICATION NUMBER
Classification number 297.273
Author mark and Year CHA 2021
100 ## - MAIN ENTRY--PERSONAL NAME
Personal name চাপড়া, ড. এম. উমর
245 ## - TITLE STATEMENT
Title ইসলাম ও অর্থনৈতিক চ্যালেঞ্জ /
Statement of responsibility, etc ড. এম. উমর চাপড়া; অনুবাদক ড. মিয়া মুহাম্মদ আইয়ুব [et al.].
260 ## - PUBLICATION, DISTRIBUTION, ETC. (IMPRINT)
Place of publication, distribution, etc ঢাকা :
Name of publisher, distributor, etc একাডেমিক পালিশিং হাউস লি.:
Date of publication, distribution, etc ২০২১
300 ## - PHYSICAL DESCRIPTION
Pagination ৪৩২ পৃ. :
Dimensions ২১ সেমি.
504 ## - BIBLIOGRAPHY, ETC. NOTE
Bibliography, etc গ্রন্থপঞ্জি অর্ন্তভূক্ত।
650 ## - SUBJECT ADDED ENTRY--TOPICAL TERM
Topical term or geographic name as entry element Islam--Economic aspects
650 ## - SUBJECT ADDED ENTRY--TOPICAL TERM
Topical term or geographic name as entry element Economic development--Religious aspects--Islam
700 ## - ADDED ENTRY--PERSONAL NAME
Personal name আইয়ুব, ড. মিয়া মুহাম্মদ
942 ## - ADDED ENTRY ELEMENTS (KOHA)
Source of classification or shelving scheme Dewey Decimal Classification
Koha item type Books
Holdings
Source of classification or shelving scheme Damaged status Not for loan Home library Current library Shelving location Date of accession Cost, normal purchase price Total Checkouts Full call number Barcode Date last seen Copy number Koha item type
Dewey Decimal Classification     JCC Rouf Library JCC Rouf Library General Stacks 06/08/2021 240.00   297.273 CHA 2021 16834 10/26/2021 C-1 Books

JCC Library | Contacts | JCC Home

Last Update on 23 September 2017
Copyright @ 2017-2020 JCC Rouf Library
Rouf Library, Jhenidah Cadet College (JCC), Bangladesh